000 00538nam a2200181Ia 4500
999 _c28610
_d28610
003 OSt
005 20210106130048.0
008 190216s9999||||xx |||||||||||||| ||und||
020 _a9788122604931
040 _coclc
082 _a894.8129
_bPIL/C
100 _aPilla, Nadakkal Parameswaran
_98207
245 0 _aCoffee Housinte Katha /
_cNadakkal Parameswaran Pilla
260 _bCurrent Books,
_aThrissur:
_c2005.
300 _a119p
650 _aOormakurip
942 _cBK
_2ddc
_h894.8129
_iPIL/C
_k894.8129
_mPIL/C